000 00674nam a2200241 i 4500
001 C2-0255523
003 PPAK
005 20180727223155.0
008 040609s1991 xxu |||| ||||| | eng d
020 _a0873922085
040 _aPPAK
_beng
_cPPAK
_erda
082 0 4 _a649.1
_223
090 0 0 _a649.1
_bPOL
_dRK
100 1 _aPolland, Barbara K.,
_eauthor
245 1 0 _aGuideposts for growing up
264 1 _aUnited States :
_bStandard Educational Corporation ,
_c1991
300 _a191 pages ;
_c26 cm
336 _2rdacontent
_atext
337 _2rdamedia
_aunmediated
338 _2rdacarrier
_avolume
650 1 0 _aChild rearing ; Child psychology
942 _ddc
_cB
999 _c67880
_d67880